Statistics for Unrecognized Countries

Click here to take the quiz!

General Stats

  • This quiz has been taken 3,493 times
    (3,488 since last reset)
  • The average score is 6 of 11

Answer Stats

HintAnswer% Correct
This island nation claims to be the legitimate government of China.Republic of China/Taiwan
90%
Morocco claims this desert state as a part of its sovereign territory, but another group claims it an independent state.Sahrawi Arab Democratic Republic/Western Sahara
75%
This state declared independence in 2008 and is recognized by 90 UN members.Republic of Kosovo
74%
This state declared independence from Somalia in 1991.Republic of Somaliland
67%
This state declared independence in 1988 and currently has recognition from 130 UN members.State of Palestine
64%
This island state declared independence in 1983 after Turkish forces invaded the island.Turkish Republic of Northern Cyprus
63%
This state declared independence from Moldova in 1990.Pridnestrovian Moldavian Republic/Transnistria
51%
This state declared independence from Georgia in 1999.Republic of Abkhazia
50%
This state declared independence in 1991Republic of South Ossetia
48%
This state declared independence from Azerbaijan in 1992.Nagorno-Karabakh Republic
38%
This state declared independence from Mali in April 2012.Independent State of Azawad
16%

Score Distribution

Percentile by Number Answered

Percent of People with Each Score

Your Score History

You have not taken this quiz since the last reset